|
|
|
|
| LEADER |
00000nab a2200000 a 4500 |
| 001 |
vtls000707716 |
| 003 |
SK-MaSNL |
| 005 |
20260304112258.0 |
| 008 |
250429c1999 xo 0 slo |
| 015 |
|
|
|a SNBRB1999/10-13314
|
| 035 |
|
|
|a CLN000059883
|
| 035 |
|
|
|a urn:nbn:sk:snk-abjar
|
| 035 |
|
|
|a (urnnbn)urn:nbn:sk:snk:ar-003emg
|
| 035 |
|
|
|a (uuid)81830870-d7a4-4602-b2d0-0baf988d0cbe
|
| 040 |
|
|
|a SNKBUCL
|b slo
|c SNKBUCL
|e AACR2
|
| 041 |
0 |
|
|a hun
|
| 044 |
|
|
|a xo
|c SK
|
| 080 |
|
|
|a 82:929:882
|2 1997
|
| 080 |
|
|
|a 882:929
|2 1997
|
| 080 |
|
|
|a 929 Pelevin, Viktor
|2 1997
|
| 100 |
1 |
|
|a Bratka, László
|d 1949-
|4 aut
|9 1376511
|
| 245 |
1 |
0 |
|a Egy új, jelentős orosz író a láthatáron
|c Bratka László ; illusztrálta Luzsicza Árpád
|
| 300 |
|
|
|b Obr.
|
| 600 |
1 |
7 |
|a Pelevin, Viktor
|d 1962-
|2 snkbucl
|9 533642
|
| 655 |
|
7 |
|a články z novín a časopisov
|2 snkbucl
|9 267496
|
| 700 |
1 |
|
|a Luzsicza, Árpád
|d 1949-
|4 ill
|9 850024
|
| 773 |
0 |
|
|t Kalligram
|g Č. 10 (1999), s. 34-35
|x 1335-1826
|
| 850 |
|
|
|a Slovenská národná knižnica
|
| 852 |
|
|
|a Slovenská národná knižnica
|
| 958 |
|
|
|a article27
|
| 958 |
|
|
|a OND
|
| 958 |
|
|
|a HU
|
| 958 |
|
|
|a RU
|
| 958 |
|
|
|a LX
|
| 958 |
|
|
|a BC
|
| 992 |
|
|
|a RBX
|
| 999 |
|
|
|c 2865014
|d 2866944
|